=LDR 00000nam 2200000 4500 =001 INLIS000000000002147 =005 20130612090516 =008 ***********************************Ind** =035 ##$$0010-061300000002147 =041 ##$$a Ind =082 ##$$a 959.803 =090 ##$$a 959.803, Rei r =100 ##$$a Reid,Authony J.S =245 ##$$a Revolusi nasional Indonesia , oleh Authony J.S. Reid;Penerjemah,Pericles G.Katoppo =260 ##$$a 1996 $b Jakarta =300 ##$$a x,336 hlm, ilus, 21 cm =650 ##$$a Indonesian =650 ##$$a Sejarah Revolusi,1945 =700 ##$$a atoppo,Percles G =850 ##$$a NBPNMAT